| 000 | 00647nam a2200205 4500 | ||
|---|---|---|---|
| 001 | 143719 | ||
| 003 | ES-MaACL | ||
| 005 | 20250825112756.0 | ||
| 007 | t| | ||
| 008 | 070214s1911 sp r ||||1| spa d | ||
| 100 | 1 |
_aSerra Hunter, Juan. _9105636 |
|
| 245 | 1 | 0 |
_aEnsayo de una teoría psicológica del juicio _b: tesis doctoral / _cJuan Serra Hunter. |
| 260 |
_aMadrid : _b[s.n.], _c1911 ( _fImp. de los Hijos de Gómez Fuentenebro) |
||
| 650 | 7 |
_aPsicología _2embne _916540 |
|
| 655 | 0 |
_aEnsayos _9176636 |
|
| 655 | 7 |
_aTesis y escritos académicos _2tgfbne _9226867 |
|
| 852 |
_aES-MaACL _jT-1223-F-6 |
||
| 942 | _2udc | ||
| 999 |
_c143719 _d143719 |
||